UN Subregions of Afghanistan with a Map - Statistics

General Stats
  • This quiz has been taken 74 times
  • The average score is 7 of 7
Answers on the Map
Answers color-coded by a green-red scale on the quiz's map according to % correct below.
 
Answer Stats
Subregion % Correct
Central
100%
Eastern
98%
Western
98%
North Eastern
96%
North Western
96%
South Eastern
96%
South Western
96%
No matching quizzes found
Score Distribution
Percent of People with Each Score
Percentile by Number Answered
Your Score History
You have not taken this quiz